Anglicko-český technický slovník

Guardado en:
Detalles Bibliográficos
Formato: Libro
Lenguaje:checo
Publicado: Praha SNTL 1982
Edición:3. rev. vyd.
Acceso en línea:Ver en el OPAC
Etiquetas: Agregar Etiqueta
Sin Etiquetas, Sea el primero en etiquetar este registro!

MARC

LEADER 00000nam a2200000 a 4500
005 20260127134127.0
008 160624s1982 CS 0 cze c
035 |a vtls001148501 
035 |a SNK000091360 
039 9 |a 201606241208  |b VLOAD  |c 201310031212  |d VLOAD  |c 201306201931  |d VLOAD  |c 200904011118  |d mschk03  |y 200412251132  |z VLOAD 
040 |a SNK  |b slo  |c SNK  |d STUSCHK1  |e AACR2 
041 0 |a cze 
044 |a [CS] 
080 |a 801.316.4:62=20=850  |2 1981 
245 0 |a Anglicko-český technický slovník 
250 |a 3. rev. vyd. 
260 |a Praha  |b SNTL  |c 1982 
300 |a 1026, [1] s.  |c 8° 
500 |a Súbež. názov angl. 
910 |s avuk 
910 |a SCHK95 
999 |c 4682  |d 4682